Harry, Hunger, or Twilight? II Quiz Stats

Quiz Updated Nov 16, 2014

Challenge
Share
Tweet
Embed
Score 0/60 Timer 04:00
6 Plays Today
Character P, G, or T? % Correct
Slytherin???
87.7%
Dobby???
87.5%
Wormtail???
87%
Mundungus???
85.6%
Pigwidgeon???
85.6%
Lockhart???
84.3%
Kreacher???
83.8%
Fudge???
83.4%
Nagini???
83.3%
Scrimgeour???
82.6%
Grubbly-Plank???
82.1%
Parvati???
81.9%
Vernon???
81.1%
Xenophilius???
80.8%
Narcissa???
79.3%
Snow???
78.4%
Glimmer???
76.8%
Fenrir???
75%
Mags???
74.9%
Jessica???
74.5%
Seneca???
74.1%
Seth???
73.5%
Johanna???
73.3%
Caesar???
73.3%
Bagman???
72.3%
Greasy Sae???
72.2%
Cashmere???
72.2%
Tyler???
71.6%
Tanya???
70.9%
Hooch???
70.9%
Character P, G, or T? % Correct
Jared???
70.6%
Odair???
70.6%
Riley???
70%
Eric???
69%
Fulvia???
69%
Stefan???
68.7%
Chaff???
68.6%
Portia???
66.9%
Enobaria???
66.4%
Quirinus???
65.8%
Cressida???
65.8%
Charlotte???
65.6%
Garrett???
64.7%
Siobhan???
59.5%
Angela???
58.7%
Amun???
57.8%
Vladimir???
57.4%
Zafrina???
57.4%
Hazelle???
56.9%
Delly???
55%
Darius???
53.4%
Posy???
53%
Eleazar???
51.6%
Huilen???
51.5%
Makenna???
51.5%
Lavinia???
51.4%
Leevy???
45.2%
Ateara???
45%
Armando???
40.8%
Senna???
32.1%

You're not logged in!

Compare scores with friends on all Sporcle quizzes.
Sign Up with Email
OR
Log In

You Might Also Like...

Show Comments

Extras

Top Quizzes Today


Score Distribution

Your Account Isn't Verified!

In order to create a playlist on Sporcle, you need to verify the email address you used during registration. Go to your Sporcle Settings to finish the process.